Normal view MARC view

Entry Corporate Name

Number of records used in: 1

001 - CONTROL NUMBER

  • control field: 57906

003 - CONTROL NUMBER IDENTIFIER

  • control field: dpl

005 - DATE AND TIME OF LATEST TRANSACTION

  • control field: 20231017152546.0

008 - FIXED-LENGTH DATA ELEMENTS

  • fixed length control field: 231017|| aca||aabn | a|a d

040 ## - CATALOGING SOURCE

  • Original cataloging agency: dpl
  • Transcribing agency: dpl

110 ## - HEADING--CORPORATE NAME

  • Corporate name or jurisdiction name as entry element: Edit by Ishwar V. Basavaraddi, B.S. Dagar, Sadhana Arya

670 ## - SOURCE DATA FOUND

  • Source citation: Work cat.: (dpl)198801: Bhogal, R.S. 57905, Yoga Education;, 2015

© Delhi Public Library
Hit Counter
free hit counter